It looks like you're offline.
Open Library logo
additional options menu

MARC record from Internet Archive

LEADER: 00561cam 22001933 4500
001 0116302161579
008 880714s1949 enk cfj eng d
010 $a 49006875
035 $a(Sirsi) AAR-3820
035 $a75015974.C..
040 $aOPET$beng
046 $cCarP
050 0 $aDC255.C7$bN5 1949a
090 0 $aDC 255 .C7 N5$bb
100 1 $aNicolson, Harold George,$cSir,$d1886-1968.
245 00 $aBenjamin Constant.
260 $aLondon,$bConstable$c[1949]
300 $aix, 290 p.$bplate, ports., geneal. table.$c23 cm.
600 20 $aConstant, Benjamin,$d1767-1830.